000 00403nam a2200133 a 4500
005 20140414093846.0
008 091124s19uu xx 00 eng d
050 _aCDB 808.42
_bEXC-te2 2008
100 _aVarandani, Lisa
245 _aExcellent English 2 :
_bLanguage skills for success- Teacher's edition /
_cLisa Varandani.
650 _aEnglish language
_xGrammar.
942 _cAVM
999 _c109572
_d109572